29-奈良県の市町村クイズ - Statistics

General Stats
  • This quiz has been taken 2,429 times
    2,183 since last reset
  • The average score is 20 of 39
Answers on the Map
Answers color-coded by a green-red scale on the quiz's map according to % correct below.
 
Answer Stats
Answer % Correct
奈良なら
89%
生駒いこま
84%
十津川とつかわむら
73%
五條ごじょう
64%
宇陀うだ
63%
天理てんり
63%
山添やまぞえむら
61%
大和郡山やまとこおりやま
61%
橿原かしはら
58%
桜井さくらい
57%
下北山しもきたやまむら
57%
曽爾そにむら
56%
上北山かみきたやまむら
53%
野迫川のせがわむら
53%
平群へぐりちょう
51%
王寺おうじちょう
50%
東吉野ひがしよしのむら
50%
吉野よしのちょう
50%
明日香あすかむら
49%
斑鳩いかるがちょう
49%
御所ごせ
49%
御杖みつえむら
49%
香芝かしば
48%
葛城かつらぎ
46%
田原本たわらもとちょう
45%
大和高田やまとたかだ
45%
安堵あんどちょう
44%
天川てんかわむら
43%
黒滝くろたきむら
42%
三郷さんごうちょう
39%
大淀おおよどちょう
37%
川上かわかみむら
37%
広陵こうりょうちょう
37%
下市しもいちちょう
37%
河合かわいちょう
36%
高取たかとりちょう
35%
上牧かんまきちょう
33%
三宅みやけちょう
33%
川西かわにしちょう
32%
No matching quizzes found
Score Distribution
Percent of People with Each Score
Percentile by Number Answered
Your Score History
You have not taken this quiz since the last reset